000 01217nmc a2200433 a 4500
003 AR-BaBNM
005 20251128204335.0
008 011101s1985 ||||||||||||||000 | spa||
020 _a968-424-048-1
040 _cAR-BaBNM
245 1 0 _aActividades musicales preescolares
250 _a2ª ed.
260 _aMéxico, D.F.
_bKapelusz Mexicana
_c1985
300 _a214 p.
_bil.
490 0 _aActualización pedagógica
500 _aContiene canciones didácticas y recreativas
500 _aContiene pentagramas
650 4 _aEDUCACION MUSICAL
650 4 _aPERCEPCION AUDITIVA
650 4 _aESTIMULOS AUDITIVOS
650 4 _aJUEGOS EDUCATIVOS
650 4 _aRITMO
650 4 _aACUSTICA
650 4 _aEDUCACION ESTETICA
650 4 _aACTIVIDADES DE APRENDIZAJE
650 4 _aCANTO
650 4 _aOBJETIVOS EDUCACIONALES
650 4 _aPSICOMOTRICIDAD
650 4 _aINSTRUMENTOS MUSICALES
653 _aEXPRESION CORPORAL
653 _aEDUCACION INICIAL
700 1 _aRivas García de Núñez, M.
700 1 _aArroyo de Durán, A.
700 1 _aGarcía Conde de Nyssen, E
700 1 _aIbarra Rivas, E
700 1 _aDe Jonghe de Alvarez, Y.
942 _cBK
998 _cCarmen
999 _c7083
_d7083